000 01031nam a2200241Ia 4500
001 193-FEU lu es (13477)
003 IT-MiSPE
008 171229s9999||||xx |||||||||||||| ||und||
040 _aIT-MiSPE
_cIT-MiSPE
041 _aITALIANO
100 _aLudwig Feuerbach
240 _aDas Wesen des Christentums
245 0 _aL'essenza del cristianesimo
250 _a1a ed. (v)
260 _aBari
_bLaterza
_c1997
300 _aXXXVI, 367 p.
_c21 cm
490 _aBiblioteca Universale L.
_v469
501 _aEdizioni San Paolo srl - Piazza Soncino, 5 - 20092 CINISELLO BALSAMO (MI) (non commercial uses only) ® Copyright 2018
700 _aFrancesco Tomasoni
942 _cBK
957 _71
999 _a6471
_bNO
_g Copie: 1
_c337265
_d337265